| 000 | 00429cam a2200181ua 4500 | ||
|---|---|---|---|
| 041 |
_aben _h |
||
| 082 |
_a632.3 _bSUD/PL |
||
| 100 | _aSudhir, Chowdhury . | ||
| 245 |
_aPlant diseases / _cSudir Chowdhury. _hTextual Documents |
||
| 260 |
_aAllahabad : _bKitabistan , _c1957. |
||
| 300 | _a ; . | ||
| 504 | _a | ||
| 942 | _cBK | ||
| 999 |
_c6005 _d6005 |
||